Southville International School and Colleges
Your cart is empty.
  • Cart
  • Lists
    Public lists Eva Luna New books Lux_list list_1
    Your lists Log in to create your own lists
  • Log in to your account
  • Your cookies
  • Search history
Southville International School and Colleges
  • Advanced search
  • Recent comments
  • Most popular
  • Libraries

Log in to your account

Log in with GOOGLE


If you do not have an external account, but do have a local account, you can still log in:

  1. Home
  2. MARC view: Panahon, kasaysayan, at lipunan II
Normal view MARC view ISBD view

Panahon, kasaysayan, at lipunan II (Record no. 292253)

[ view plain ]
MARC details
000 -LEADER
fixed length control field 00606nam a2200241Ia 4500
008 - FIXED-LENGTH DATA ELEMENTS--GENERAL INFORMATION
fixed length control field 160319s9999 xx 000 0 und d
020 ## - INTERNATIONAL STANDARD BOOK NUMBER
International Standard Book Number 9714807077
050 ## - LIBRARY OF CONGRESS CALL NUMBER
Classification number 950
050 ## - LIBRARY OF CONGRESS CALL NUMBER
Item number M252p 2006
100 ## - MAIN ENTRY--PERSONAL NAME
Personal name Mallari, Jan Philip D.
245 ## - TITLE STATEMENT
Title Panahon, kasaysayan, at lipunan II
245 ## - TITLE STATEMENT
Statement of responsibility, etc Jan Philip Mallari.
250 ## - EDITION STATEMENT
Edition statement 2nd edition .
260 ## - PUBLICATION, DISTRIBUTION, ETC. (IMPRINT)
Place of publication, distribution, etc Makati City :
260 ## - PUBLICATION, DISTRIBUTION, ETC. (IMPRINT)
Name of publisher, distributor, etc Diwa Textbooks
260 ## - PUBLICATION, DISTRIBUTION, ETC. (IMPRINT)
Date of publication, distribution, etc 2006
300 ## - PHYSICAL DESCRIPTION
Extent 298 p. :
300 ## - PHYSICAL DESCRIPTION
Other physical details pics.
500 ## - GENERAL NOTE
General note Includes index.
650 ## - SUBJECT ADDED ENTRY--TOPICAL TERM
Topical term or geographic name as entry element History -- Asia
700 ## - ADDED ENTRY--PERSONAL NAME
Personal name Magtalos, Alma T.
700 ## - ADDED ENTRY--PERSONAL NAME
Personal name Suba, Justina M.

No items available.

Panahon, kasaysayan, at lipunan II

APA

Mallari J. P. D., Magtalos & Suba J. M.Panahon, kasaysayan, at lipunan II. Makati City: .

Chicago

Mallari Jan Philip D, Magtalos and Suba Justina M.Panahon, kasaysayan, at lipunan II. Makati City: .

Harvard

Mallari J. P. D., Magtalos and Suba J. M.Panahon, kasaysayan, at lipunan II. Makati City: .

MLA

Mallari Jan Philip D, Magtalos and Suba Justina M.Makati City: . .

  • Print
  • Cite
  • Add to your cart (remove)
  • Save record
    BIBTEX Dublin Core MARCXML MARC (non-Unicode/MARC-8) MARC (Unicode/UTF-8) MARC (Unicode/UTF-8, Standard) MODS (XML) RIS
  • More searches
    Search for this title in:
    Other Libraries (WorldCat) Other Databases (Google Scholar) Online Stores (Bookfinder.com) Open Library (openlibrary.org)

Exporting to Dublin Core...

SOUTHVILLE LIBRARY

Southville International School and Colleges Library

1281 Tropical Ave. Cor. Luxembourg St., BF Homes International, Las Pinas City

Tel. No. 8256374 / 252358 Loc. 117/146

Powered by Koha